20(बीस) गणित प्रोजेक्ट्स / (Record no. 207583)

MARC details
000 -LEADER
fixed length control field 01141nam a22002297a 4500
005 - DATE AND TIME OF LATEST TRANSACTION
control field 20241211143729.0
010 ## - LCCN (DPL NO)
LC control number B-761405
020 ## - INTERNATIONAL STANDARD BOOK NUMBER
International Standard Book Number 9788188318825
Terms of availability 495.00
035 ## - SYSTEM CONTROL NUMBER
System control number B-761405
037 ## - SOURCE OF ACQUISITION
Source of stock number/acquisition उपहार
082 ## - DEWEY DECIMAL CLASSIFICATION NUMBER
Classification number 511.8
100 ## - MAIN ENTRY--PERSONAL NAME
Personal name बंद्रवाल, प्रवीण कुमार
245 ## - TITLE STATEMENT
Title 20(बीस) गणित प्रोजेक्ट्स /
Statement of responsibility, etc प्रवीण कुमार बंद्रवाल
246 ## - VARYING FORM OF TITLE
Remainder of title by Praveen Kumar Bandrawal
Title proper/short title 20 ganita projects
260 ## - PUBLICATION, DISTRIBUTION, ETC. (IMPRINT)
Place of publication, distribution, etc नई दिल्ली
Name of publisher, distributor, etc सनशाइन बुक्स
Date of publication, distribution, etc 2022
270 ## - ADDRESS
Address 4760-61, द्वितीय तल, 23 अंसारी रोड, दरियागंज
City नई दिल्ली
Postal code 110002
300 ## - PHYSICAL DESCRIPTION
Extent 111पृ
Dimensions 24सेमी (सजिल्द)
Other physical details सचित्र
650 ## - SUBJECT ADDED ENTRY--TOPICAL TERM
Topical term or geographic name as entry element गणित
General subdivision अध्ययन एवं अध्यापन
650 ## - SUBJECT ADDED ENTRY--TOPICAL TERM
Topical term or geographic name as entry element Mathematics
General subdivision Study and teaching
942 ## - ADDED ENTRY ELEMENTS (KOHA)
Source of classification or shelving scheme Dewey Decimal Classification
Item type Children Books
Call number suffix बंद्रवा
Classification part 511.8
Holdings
Withdrawn status Lost status Not for loan Collection code Home library Current library Date acquired Source of acquisition Cost, normal purchase price Full call number Barcode Copy number Cost, replacement price Koha item type Public note
      Non-fiction Central Library Central Library 11/12/2024 उपहार /06/12/2024 495.00 बंद्रवा 511.8 B-761405 1 495.00 Children Books उपहार

© Delhi Public Library
Hit Counter
free hit counter